Statistics for Let Her Go Lyrics

Click here to take the quiz!

General Stats

  • This quiz has been taken 315 times
  • The average score is 70 of 77

Answer Stats

HintAnswer% Correct
When you ___ her goLet
98%
When you ___ her goLet
98%
When you ___ her goLet
98%
When you ___ her goLet
98%
When you ___ her goLet
98%
When you ___ her goLet
98%
When you ___ her goLet
98%
When you ___ her goLet
98%
When you ___ her goLet
98%
When you ___ her goLet
98%
But you only need the _____Light
98%
Cause you only need the _____Light
98%
Well you only need the _____Light
98%
Cause you only need the _____Light
98%
Well you only need the _____Light
98%
Only know you ____ herLove
98%
Only know you ____ herLove
98%
Only know you ____herLove
98%
Only know you ____ herLove
98%
Only know you ____ herLove
98%
Only know you ____ herLove
98%
Only know you ____ herLove
98%
Only know you ____ herLove
98%
Only know you ____ herLove
98%
Only know you ____ herLove
98%
Only miss the ___Sun
98%
Only miss the __Sun
98%
Only miss the ___Sun
98%
Only miss the ___Sun
98%
Only miss the ___Sun
98%
When it starts to ____Snow
97%
When it starts to ____Snow
97%
When it starts to ____Snow
97%
When it starts to ____Snow
97%
When it starts to ____Snow
97%
When you're _______ lowFeeling
96%
When you're ______ lowFeeling
96%
When you're _______ lowFeeling
96%
When you're _______ lowFeeling
96%
When you're _______ lowFeeling
96%
When its _______ lowBurning
94%
When its _______ lowBurning
94%
When its _______ lowBurning
94%
When it's _______ lowBurning
94%
When its _______ lowBurning
94%
Only know you've been ____High
94%
Only know you've been ____High
94%
Only know you've been ____High
94%
Only know you've been ____High
94%
Only know you've been ____High
94%
And you let ___ goHer
92%
And you let ___ goHer
92%
When you're _______ homeMissing
92%
When you're _______ homeMissing
92%
When you're _______ homeMissing
92%
When you're _______ homeMissing
92%
When you're _______ homeMissing
92%
You see her when you _____ your eyesClose
89%
Well you see her when you ____ asleepFall
87%
Cause you loved her too ____Much
86%
Maybe one day you'll __________ whyUnderstand
86%
But dreams come ____ and they go so fastSlow
85%
Cause love comes slow and it ____ so fastGoes
84%
Everything you touch surely ____Dies
83%
Hoping one day you'll make a _____ lastDream
83%
Staring at the ______ of your glassBottom
82%
Only ____ the roadHate
82%
Only ____the roadHate
82%
Only ____ the roadHate
82%
Only ____ the roadHate
82%
Only ____ the roadHate
82%
And ___ let her goYou
80%
But _____ to touch and _____ to keepNever
77%
Same old _____ feeling in your heartEmpty
73%
Staring at the _______ in the darkCeiling
62%
And you _____ too deepDived
53%
____ you let her goWell
27%

Score Distribution

Percentile by Number Answered

Percent of People with Each Score

Your Score History

You have not taken this quiz